01276nam a2200301 i 450000100060000000300090000600500170001500800390003202000180007108000310008908000310012010000260015124500680017726000940024530000400033950400320037954600510041158501270046260000410058965500480063070000230067870000400070171000640074185200220080594200080082799900170083595201220085212250ES-MaACL20230906150255.0930216s1992 sp a |||| | spa a84-86288-03-7 a75 Duarte, Ángel (064.3) a73 Duarte, Ángel (064.3)1 aDuarte, Angel.94572610aÁngel Duarte / c[traducción, Noel Byde, Celia Montolío]. a[S.l.] : bEdiciones L ; a[Mérida] : bConsejería de Educación y Cultura, c[1992] a188 p. : bil. col. y n. ; c30 cm. aBibliografía: p. 181-188. aTexto en español y traducción en inglés. aCatálogo de la exposición celebrada en Cáceres, Centro de Exposiciones Plaza de San Jorge, noviembre-diciembre 1992.14aDuarte, Angel-vExposiciones.945727 72tgfbne9193628aCatálogos de exposiciones1 aByde, Noel.9330091 aMontolío Nicholson, Celia.9826771 aExtremadura. bConsejería de Educación y Cultura.940534 aES-MaACLjL-19623 2udc c12250d12250 00104070aATENEOMbATENEOMcDEPO2d2008-01-17eSCl0oL-19623p1012482r2023-02-23 00:00:00w2023-02-23yMONOGRAFIA